| 000 | 00331nam a22001337a 4500 | ||
|---|---|---|---|
| 082 |
_a629.222 _bSUT |
||
| 100 | _a Sutton, Richard, | ||
| 245 |
_aCar/ _cRichard Sutton, |
||
| 260 |
_aLondon: _bDorling Kindersley; _c2005. |
||
| 300 | _a62p. | ||
| 563 | _aPB | ||
| 650 |
_aAutomobiles _aMachinery _9118556 |
||
| 942 |
_2ddc _cBK |
||
| 999 |
_c606767 _d606767 |
||